00759 a2200181 4500003000500000005001700005020001500022040000900037082001600046100002100062245008100083250001200164260004000176300001400216505031000230650001700540651002000557Nust20230724125704.0 a0028048377 cNust a621.381,FRE aLouis E. Frenzel aCommunication Electronics :bPrinciples and Applications /cLouis E. Frenzel a3rd Ed. aNew YorkbGlencoe McGraw-Hillc2001 axii,532p. aModern Political Theory (Page-1), Behavioral Revolution and After (Page-38), Facts Value and Theory (Page-69), Systems Theory (Page-98), Structural Functional Approach (Page-125), Power Influence Authority and Legitimacy (Page-162), Modernization and Political Development (Page-200), Epilogue (Page-240). aElectronics  aRadio Receivers